• 首页
  • 本馆介绍
  • 公告通知
  • 最新文献
  • 馆藏检索
  • 电子资源
  • 读者导购
  • 参考咨询
  • 我的图书馆
  • 登录
  • 详细信息显示
  • 放入我的书架
  • 预约/预借图书
  • 作者相关作品
  • 分类相关作品
  • 丛书相关作品
  • 出版社相关作品

书目信息

  • 表格格式
  • 工作单格式
  • 卡片格式
题名:
计算机组装和维修教程与上机实训
    
 
作者: 辛再甫 , 蒙文荣 , 辛再甫 著
分册:  
出版信息: 北京   中国铁道出版社  2004.04
页数: 390页
开本: 26cm
丛书名: 计算机职业教育实训教程系列
单 册:
中图分类: TP30
科图分类:
主题词: 电子计算机--组装--技术培训--教材 , 电子计算机--维修--技术培训--教材
电子资源:
ISBN: 7-113-05755-1
000 01194n 2200289 450
001 073000000027
005 20040703115921.0
010    @a7-113-05755-1@dCNY35.00
100    @a20040922d2004 km y0chiy0121 eb
101 0  @achi
105    @aaek j 000zy
200 10 @a计算机组装和维修教程与上机实训@Aji suan ji zu zhuang he wei xiu jiao cheng yu shang ju@f辛再甫,蒙文荣 编著@Fxin zai fu,meng wen rong bian zhu
210    @a北京@c中国铁道出版社@d2004.04
215    @a390页@c图@d26cm
225 2  @a计算机职业教育实训教程系列
330    @a本书使用图文并茂的方式,讲解了计算机组装与维修的基础知识、硬件的性能和选购、组装的操作过程以及系统维护和保养等。共内容深入浅出,循序渐进,语言通俗易懂。另外还特别介绍了使用软件测度硬件性能、处理常见故障和病毒防治常识等知识。
410  0 @12001 @a计算机职业教育实训教程系列
606    @a电子计算机@x组装@x技术培训@x教材
606    @a电子计算机@x维修@x技术培训@x教材
690    @aTP30@v4
701  0 @a辛再甫@Axin zai fu@4著
701  0 @a蒙文荣@4著
701  0 @a辛再甫@Axin zai fu@4编著
801  0 @aCN@bHX@c20040922
905    @aBZT@dTP30@e1@f6
906    @dCNY35.00@n0@r1
999    @tA@Awangzhen@a20040701 17:11:30@Mwangzhen@m20040703 11:59:21
    
    计算机组装和维修教程与上机实训/辛再甫,蒙文荣 编著.-北京:中国铁道出版社,2004.04
    390页:图;26cm.-(计算机职业教育实训教程系列)
    
    
    ISBN 7-113-05755-1:CNY35.00
    本书使用图文并茂的方式,讲解了计算机组装与维修的基础知识、硬件的性能和选购、组装的操作过程以及系统维护和保养等。共内容深入浅出,循序渐进,语言通俗易懂。另外还特别介绍了使用软件测度硬件性能、处理常见故障和病毒防治常识等知识。
●
相关链接 在五车中查询图书 在当当中查询图书 在豆瓣中查询图书


正题名:计算机组装和维修教程与上机实训     索取号:TP30/1         预约/预借

序号 登录号 条形码 馆藏地/架位号 状态 备注
1 0367920   200634572   中心书库中库/ 中库028架B面7列3层39/ [索取号:TP30/1] 在馆    
2 0367922   230085886   中心书库中库/ 中库028架B面7列3层37/ [索取号:TP30/1] 在馆    
3 0367924   200633948   中心书库中库/ 中库028架B面7列3层38/ [索取号:TP30/1] 在馆    
4 0367925   230085857   中心书库中库/ 中库028架B面7列3层36/ [索取号:TP30/1] 在馆    
5 2001061812   2001061812   样本书库/样008架B面1层1列/ [索取号:TP30/1] 在馆    
6 367923   230085044   中心书库中库/ 中库028架B面7列3层40/ [索取号:TP30/1] 在馆    
山东省滨州职业学院图书馆 欢迎您!
大连网信软件有限公司© 版权所有